| 000 | 01970nam a2200277Ia 4500 | ||
|---|---|---|---|
| 003 | OSt | ||
| 005 | 20210204163554.0 | ||
| 008 | 191128s2008 ck gr 000 0 spa d | ||
| 020 | _a9789588280172 | ||
| 040 |
_aCO-JMCR _cCO-JMCR |
||
| 041 | 0 | _aspa | |
| 082 | 0 | 4 |
_a328.31 / _bG984i _223 |
| 100 | 1 |
_aGutiérrez Castañeda, Nancy Patricia, _eautora _94180 |
|
| 245 | 1 | 0 |
_aIntroducción / _cNancy Patricia Gutiérrez Castañeda |
| 250 | _aPrimera edición | ||
| 260 |
_aManizales : _bUniversidad Nacional de Colombia, _c2008 |
||
| 300 |
_a7 volúmenes ; _c22 cm. |
||
| 490 | 0 | _aDocumentos de política pública, piensa Colombia : los aportes de la academia | |
| 505 | 0 |
_gv.1 _tVíctimas de la violencia : la paz como camino / _rNatalia Springer, Alejandro Peláez y Diego Márquez _gv.2 _tDesarrollo económico : retos y políticas públicas / _rOskar Nupia Martinez, Raquel Bernal y Adriana Camacho _gv.3 _tHacia el desarrollo sostenible en Colombia / _rMario Alejandro Pérez Rincón y Johnny Harold Rojas _gv.4 _tLas relaciones internacionales de Colombia en el siglo XXI / _rBernardo Vela Obregozo, Leonardo Carvajal y Martha Ardila Ardila _gv.5 _tConglomerados regionales : una propuesta para transformar la estructura productiva / _rJulio César Paz Lamir, Alfredo Roa Mejía y Ana Milena Yoshioka Vargas _gv.6 _tNarcotráfico : las múltiples dimensiones del problema / _rAndrés López Restrepo _gv.7 _tInfraestructura : los retos de Colombia / _rRicardo Montezuma Enríquez |
|
| 520 | _aComo parte de un esfuerzo para acercar a los mejores centros de investigación académica que estudian las principales problemáticas de nuestro país a los foros políticos, el Congreso de la República ha formulado el Proyecto Piensa Colombia. | ||
| 650 | 1 | 4 |
_aViolencia _zColombia _94181 |
| 650 | 1 | 4 |
_aVíctimas de la violencia _zColombia _94182 |
| 650 | 1 | 4 |
_aDesarrollo económico _zColombia _94183 |
| 650 | 1 | 4 |
_aNarcotráfico _zColombia _94184 |
| 942 |
_2ddc _cBK |
||
| 999 |
_c5272 _d5272 |
||